Specialist property snapshot (Record no. 84178)
[ view plain ]
| 000 -LEADER | |
|---|---|
| fixed length control field | 01050cad a22002055a 4500 |
| 001 - CONTROL NUMBER | |
| control field | L156850 |
| 008 - FIXED-LENGTH DATA ELEMENTS--GENERAL INFORMATION | |
| fixed length control field | 120720s2012 xxk 000 0 eng d |
| 035 ## - SYSTEM CONTROL NUMBER | |
| System control number | (Sirsi) u156850 |
| 041 0# - LANGUAGE CODE | |
| Language code of text/sound track or separate title | eng |
| 110 2# - MAIN ENTRY--CORPORATE NAME | |
| Corporate name or jurisdiction name as entry element | Colliers International |
| 9 (RLIN) | 5548 |
| 245 00 - TITLE STATEMENT | |
| Title | Specialist property snapshot |
| Remainder of title | July 2012 |
| 260 ## - PUBLICATION, DISTRIBUTION, ETC. | |
| Place of publication, distribution, etc. | [S.l.] |
| Name of publisher, distributor, etc. | Colliers International |
| Date of publication, distribution, etc. | 2012 |
| 490 ## - SERIES STATEMENT | |
| Series statement | Colliers International Specialist Property Snapshot |
| Volume/sequential designation | July 2012 |
| 520 ## - SUMMARY, ETC. | |
| Summary, etc. | The UK economy remains stagnant and consumers continue to save and deleverage household balance sheets. Discretionary spending and specialist sector performance will continue to be impacted. Provides an economic overview, and activity analysis in the automotive, healthcare, hotels, recreational, and licensed and leisure sectors. |
| 590 ## - LOCAL NOTE (RLIN) | |
| Local note | NTK KA |
| 651 #4 - SUBJECT ADDED ENTRY--GEOGRAPHIC NAME | |
| Geographic name | United Kingdom |
| 690 ## - LOCAL SUBJECT ADDED ENTRY--TOPICAL TERM (OCLC, RLIN) | |
| Topical term or geographic name as entry element | Commercial property |
| 9 (RLIN) | 6227 |
| 856 40 - ELECTRONIC LOCATION AND ACCESS | |
| Uniform Resource Identifier | <a href="https://www.colliers.com/en-GB/UK/~/media/Files/EMEA/UK/research/market-overview/201207-specialist-property-snapshot.ashx">https://www.colliers.com/en-GB/UK/~/media/Files/EMEA/UK/research/market-overview/201207-specialist-property-snapshot.ashx</a> |
| Public note | View the report at www.colliers.com |
| 942 ## - ADDED ENTRY ELEMENTS (KOHA) | |
| Suppress in OPAC | 0 |
| Withdrawn status | Lost status | Source of classification or shelving scheme | Damaged status | Not for loan | Home library | Current library | Shelving location | Date acquired | Total Checkouts | Full call number | Barcode | Date last seen | Copy number | Price effective from | Koha item type |
|---|---|---|---|---|---|---|---|---|---|---|---|---|---|---|---|
| Dewey Decimal Classification | Virtual | Virtual | Online | 20/07/2012 | ONLINE PUBLICATION | 156850-2001 | 06/08/2019 | 1 | 06/08/2019 | Book |